| 000 | 02115cam a2200253zi 4500 | ||
|---|---|---|---|
| 001 | 17392456 | ||
| 005 | 20250331125243.0 | ||
| 008 | 231216t20242024enk b 001 0 eng d | ||
| 020 | _a1509564047 | ||
| 020 | _a9781509564040 | ||
| 035 | _a(NhCcYBP)om4440285858 | ||
| 035 | _a17392456 | ||
| 040 |
_aNhCcYBP _beng _erda _cNhCcYBP |
||
| 050 | 4 |
_aBJ59 _b.U53 2024 |
|
| 100 |
_aUmbrello, Steven, _d1993- _eauthor. |
||
| 245 | 1 | 0 |
_aTechnology ethics _b: responsible innovation and design strategies _c/ Steven Umbrello. |
| 264 | 1 |
_aCambridge ; _aHoboken, NJ : _bPolity Press, _c2024. |
|
| 264 | 4 | _c©2024 | |
| 300 |
_a132 pages ; _c23 cm |
||
| 505 | _aTechnology and Society — Instrumentalism — Technological Determinism — Social Constructivism — The Design Turn — Responsible Innovation — Approaches to Ethics by Design — Ethics by Design in Action — Our Common Future with Technology. | ||
| 520 | _aTechnologies cannot simply be understood as neutral tools or instruments; they embody the values of their creators and may unconsciously reinforce existing inequalities and biases. Technology Ethics shows how responsible innovation can be achieved. Demonstrating how design and philosophy converge, the book delves into the intricate narratives that shape our understanding of technology – from instrumentalist views to social constructivism. Yet, at its core, it champions interactionalism as the most promising and responsible narrative. Through compelling examples and actionable tools this book unravels the nuances of these philosophical positions, and is tailored to foster responsible innovation and thoughtful design. As our everyday lives further intertwine with technology, understanding and implementing these design principles becomes not just beneficial, but essential. This concise and accessible introduction is essential reading for students and scholars of philosophy of technology, engineering ethics, science and technology studies, and human–machine communication, as well as policymakers. | ||
| 650 | 0 |
_a Technology _xMoral and ethical aspects. |
|
| 942 | _2lcc | ||
| 999 |
_c4612 _d4612 |
||